000
00302nam a22001337a 4500
008
170908b xxu||||| |||| 00| 0 eng d
020
_a
2900470398172
041
_a
eng
080
_a
91
100
_a
91
101
_a
GEO
245
_a
GEOGRAPHIC INFORMATION SYSTEMS
_c
KENNEDY.M
942
_2
udc
_c
BK
999
_c
26861
_d
26861